00257nam a2200097Ia 4500008004000000082001300040100002600053245003400079260003800113300000800151210210b1990 xxu||||| |||| 00| 0 eng d a920 KOTW aKOTHARI (Ajay Kumar). aWorld famous 101 great lives. aN DbFamily Books Pvt Ltd.,c1990 a112